000 00399nam a2200157Ia 4500
008 230524s9999 xx 000 0 und d
020 _a8125914323
082 _a629.895
_bRAM
100 _aA.Ramakalyan
245 0 _aControl Engineering A Comprehensive Foundation
260 _aNEW DELHI
_bVikas
_c2005
300 _aXVI;479
500 _aQuantity Number: 2
650 _aElectrical
942 _cBK
999 _c6595
_d6595